00783nam a22001937a 4500003000900000008004100009040007100050082001500121100002100136245006000157260002700217300004300244440003400287505021000321650001400531650001100545650001700556650001600573AR-CdUCM190606b ||||| |||| 00| 0 spa d aMUNICIPALIDAD PROVINCIAL DEL CUSCOcBIBLIOTECA MUNICIPAL DEL CUSCO a338 /bG78 aGraña, Alberto aPan y fideos : bTansnacionales y consumismo popular /  aLima : bCEDAL,c1981. a52 páginas; bIlustraciones,c20 cm. aAlimentación popular -- n2 aContenido: Importancia del trigo en la alimentación popular -- Alza de precios y otros problemas frente al consumo de pan y fideos -- El precio internacional del trigo y su manipulación imperialista... aGobierno  aEstado aImperialista aCapitalismo